| 000 | 00000nas 2200000za 4500 |
| 001 | 9.832925 |
| 003 | CaOODSP |
| 005 | 20221107150111 |
| 007 | cr ||||||||||| |
| 008 | 170223d19601980oncar p oss f0###a0eng|d |
| 022 | |y0527-5547 |
| 040 | |aCaOODSP|beng |
| 041 | |aeng|afre |
| 043 | |an-cn--- |
| 086 | 1 |aCS43-204-PDF |
| 245 | 00|aManufacturers of major appliances, electric and non-electric |h[electronic resource]. |
| 246 | 13|aManufacturiers de gros appareils ménagers, électriques ou non électriques|f1966 |
| 246 | 13|aManufacturiers de gros appareils, électriques ou non électriques|f1967 |
| 246 | 13|aManufacturiers de gros appareils, électriques ou non|f1968-1969 |
| 246 | 13|aFabricants de gros appareils, électriques ou non|f1970-1980 |
| 260 | |a[Ottawa] : |bDominion Bureau of Statistics, Industry and Merchandising Division, |c1963-1982. |
| 310 | |aAnnual |
| 362 | 0 |a1960-1980. |
| 500 | |aDigitized edition from print [produced by Statistics Canada]. |
| 546 | |aText in English only, 1960-1965; text in English and French, 1966-1980. |
| 550 | |aIssued 1961-1964 by Industry Division; 1965-1969 by Manufacturing and Primary Industries Division; 1970-1978 by Statistics Canada, Manufacturing and Primary Industries Division; 1979-1980 by Foods, Beverages, Textiles and Miscellaneous Industries Section. |
| 580 | |aMerger of: a part of The heating and cooking apparatus industry; and, a part of Electrical apparatus and supplies industry. |
| 580 | |aMerged with: Manufacturers of small electrical appliances (Final); and, Manufacturers of household radio and television receivers (Final), to become: Appliances, radio and television manufacturers. |
| 692 | 07|2gccst|aHousehold equipment |
| 692 | 07|2gccst|aStatistics |
| 710 | 1 |aCanada. |bDominion Bureau of Statistics. |bIndustry and Merchandising Division. |
| 710 | 1 |aCanada. |bDominion Bureau of Statistics. |bIndustry Division. |
| 710 | 1 |aCanada. |bDominion Bureau of Statistics. |bManufacturing and Primary Industries Division. |
| 710 | 1 |aCanada. |bStatistics Canada. |bFoods, Beverages, Textiles and Miscellaneous Industries Section. |
| 710 | 1 |aCanada. |bStatistics Canada. |bManufacturing and Primary Industries Division. |
| 780 | 00|tThe electrical apparatus and supplies industry |w(CaOODSP)9.832508 |
| 785 | 00|tAppliances, radio and television manufacturers |w(CaOODSP)9.833002 |
| 792 | |tManufacturers of major appliances, electric and non-electric |efre|w(CaOODSP)9.832928 |